| 000 | 00697nam a2200229 a 4500 | ||
|---|---|---|---|
| 003 | MX-MxUPN | ||
| 005 | 20240810063823.0 | ||
| 008 | 991125s1947 mx r 000 0 spa d | ||
| 035 | _aUPN01000008342 | ||
| 040 |
_aMX-MxUPN _bspa _cMX-MxUPN |
||
| 041 | 0 | _aspa | |
| 050 | 1 | 4 |
_aPQ7297 G63 _bC4 |
| 100 | 1 |
_aGonzález Peña, Carlos, _d1885-1955 _928395 |
|
| 245 | 1 | 0 | _aClaridad en la lejanía |
| 260 |
_aMéxico, D.F. : _bStylo, _c1947 |
||
| 300 | _a276 páginas | ||
| 650 | 4 |
_aLiteratura mexicana _94466 |
|
| 650 | 4 |
_aNarración de cuentos _94988 |
|
| 710 | 2 |
_aInstituto Federal de Capacitación del Magisterio (México) _928505 _epropietario anterior |
|
| 904 |
_aAC _b008342 |
||
| 942 |
_2lcc _cLIBRO |
||
| 999 |
_c8342 _d8342 |
||